000
00226nam a22000857a 4500
008
160808b xxu||||| |||| 00| 0 eng d
100
_9
65
_a
Gupta K K
245
_a
Science & Technology-8
260
_a
New Delhi
_b
Frank Publication
_c
2010
999
_c
2717
_d
2717